| 000 | 00485nam a22001817a 4500 | ||
|---|---|---|---|
| 003 | CEME | ||
| 005 | 20210628203645.0 | ||
| 008 | 210318b xxu||||| |||| 00| 0 eng d | ||
| 020 | _a0-8247-9077-4 | ||
| 040 | _c. | ||
| 082 | _a001.434 | ||
| 100 |
_aAnderson, Virgil L , Lorenzen, Thomas J _966732 |
||
| 245 | _aDesign of experiments , a no - name approach | ||
| 260 |
_aNEWYORK _bMARCEL DEKKER _c1993 |
||
| 300 | _aXI,414P | ||
| 650 |
_aCOMPUTER SCIENCE _925644 |
||
| 942 |
_cBK _2ddc |
||
| 999 |
_c574647 _d574647 |
||